Normal view
MARC view
- Squyres, Tim,
Entry Personal Name
001 - CONTROL NUMBER
- control field: 35521
003 - CONTROL NUMBER IDENTIFIER
- control field: OSt
005 - DATE AND TIME OF LATEST TRANSACTION
- control field: 20140311114038.0
008 - FIXED-LENGTH DATA ELEMENTS
- fixed length control field: 140311|| aca||aabn | a|a d
040 ## - CATALOGING SOURCE
- Original cataloging agency: OSt
100 1# - HEADING--PERSONAL NAME
- Personal name: Squyres, Tim,
- Dates associated with a name: 1959-
400 1# - SEE FROM TRACING--PERSONAL NAME
- Personal name: Squyres, Timothy,
- Dates associated with a name: 1959-
400 0# - SEE FROM TRACING--PERSONAL NAME
- Personal name: Timothy S.,
- Dates associated with a name: 1959-